MESTSKÁ KNIŽNICA GIRALTOVCE  - online katalóg 

Moja pohodová záhrada (Record no. 24212)

000 -NÁVESTIE
fixed length control field 01947cam a2200505 4500
001 - EVIDENČNÉ ČÍSLO ZÁZNAMU - Kontrolné číslo
control field vtls012057354
005 - DÁTUM A ČAS POSLEDNEJ TRANSAKCIE
control field 20260507111201.0
008 - ÚDAJE S PEVNOU DĹŽKOU – VŠEOBECNÉ INFORMÁCIE
fixed length control field 210607s2021 xo oa grfn 001 0 slo
020 ## - MEDZINÁRODNÉ ŠTANDARDNÉ ČÍSLO KNIHY (ISBN)
Medzinárodné štandardné číslo knihy (ISBN) 9788055177311
Qualifying information (viazané)
040 ## - ZDROJ KATALOGIZÁCIE
Pôvodná katalogizujúca agentúra TTKJF
Jazyk katalogizácie slo
Prepisujúca agentúra TTKJF
Modifikujúca agentúra SNK
Konvencie popisu rda
041 1# - KÓD JAZYKA
Kód jazyka textu/zvukovej stopy alebo samostatných nápisov slo
Kód jazyka originálu a/alebo sprostredkujúcich prekladov textu eng
044 ## - KÓD KRAJINY VYDAVATEĽA/PRODUCENTA
Kód krajiny MARC xo
Kód krajiny ISO SK
072 #7 - KÓD PREDMETOVEJ KATEGÓRIE
Kód predmetovej kategórie 635
Pododdiel kódu predmetovej kategórie Záhradkárstvo
Zdroj konspekt
072 #7 - KÓD PREDMETOVEJ KATEGÓRIE
Kód predmetovej kategórie 712
Pododdiel kódu predmetovej kategórie Plánovanie krajiny. Parky. Záhrady
Zdroj konspekt
080 ## - ČÍSLO MEDZINÁRODNÉHO DESATINNÉHO TRIEDENIA (MDT)
Číslo Medzinárodného desatinného triedenia (MDT) 635.047
Identifikátor vydania 2011
080 ## - ČÍSLO MEDZINÁRODNÉHO DESATINNÉHO TRIEDENIA (MDT)
Číslo Medzinárodného desatinného triedenia (MDT) 635
Identifikátor vydania 2011
080 ## - ČÍSLO MEDZINÁRODNÉHO DESATINNÉHO TRIEDENIA (MDT)
Číslo Medzinárodného desatinného triedenia (MDT) 712.3/.7
Identifikátor vydania 2011
080 ## - ČÍSLO MEDZINÁRODNÉHO DESATINNÉHO TRIEDENIA (MDT)
Číslo Medzinárodného desatinného triedenia (MDT) (0.062)
Identifikátor vydania 2011
100 1# - OSOBNÉ MENÁ – VŠEOBECNÉ INFORMÁCIE
Osobné meno Griffiths, Alistair,
Dátumy súvisiace s menom 1975-
Kód roly aut
-- 5596
240 10 - UNIFIKOVANÝ NÁZOV
Unifikovaný názov Your Wellbeing Garden
Jazyk diela Slovensky
245 10 - NÁZOV
Názov Moja pohodová záhrada
Zvyšok názvu keď záhrada prináša úžitok a prospieva zdraviu : veda : dizajn : prax
Údaj o zodpovednosti atď. Alistair Griffiths, Matt Keightley, Annie Gattiová, Zia Allawayová ; ilustrátori Keith Hagan, Nicola Powlingová ; z anglického originálu Your Wellbeing Garden ... preložila Katarína Bukovenová
250 ## - ÚDAJ O PORADÍ VYDANIA
Údaj o poradí vydania Prvé vydanie
264 #1 - VYDAVATEĽSKÉ ÚDAJE, DISTRIBÚCIA ATĎ. - RDA
Miesto publikovania, distribúcie atď. Bratislava
Názov vydavateľa, distibútora atď. Ikar, a.s. - Príroda
Dátum publikovania, distribúcie atď. 2021
300 ## - FYZICKÝ POPIS
Rozsah 224 strán
Ďalšie fyzické detaily farebné ilustrácie, fotografie
Rozmery 24 cm
336 ## - TYP OBSAHU
Typ obsahu - termín text
Typ obsahu - kód txt
Zdroj rdacontent
336 ## - TYP OBSAHU
Typ obsahu - termín statický obraz
Typ obsahu - kód sti
Zdroj rdacontent
337 ## - TYP MÉDIA
Typ média - termín bez média
Typ média - kód n
Zdroj rdamedia
338 ## - TYP NOSIČA
Typ nosiča - termín zväzok
Typ nosiča - kód nc
Zdroj rdacarrier
650 07 - PRIDANÝ VSTUP – PREDMET – TEMATICKÉ HESLO
Tematické heslo alebo geografický názov ako vstupný prvok záhrady
Zdroj hesla alebo termínu SNKPH
-- 5577
650 07 - PRIDANÝ VSTUP – PREDMET – TEMATICKÉ HESLO
Tematické heslo alebo geografický názov ako vstupný prvok záhradníctvo
Zdroj hesla alebo termínu SNKPH
-- 5597
650 07 - PRIDANÝ VSTUP – PREDMET – TEMATICKÉ HESLO
Tematické heslo alebo geografický názov ako vstupný prvok záhradná architektúra
Zdroj hesla alebo termínu SNKPH
-- 5581
650 07 - PRIDANÝ VSTUP – PREDMET – TEMATICKÉ HESLO
Tematické heslo alebo geografický názov ako vstupný prvok Gardens
Zdroj hesla alebo termínu SNKPHeng
-- 5598
650 07 - PRIDANÝ VSTUP – PREDMET – TEMATICKÉ HESLO
Tematické heslo alebo geografický názov ako vstupný prvok Horticulture
Zdroj hesla alebo termínu SNKPHeng
-- 4766
650 07 - PRIDANÝ VSTUP – PREDMET – TEMATICKÉ HESLO
Tematické heslo alebo geografický názov ako vstupný prvok Garden architecture
Zdroj hesla alebo termínu SNKPHeng
-- 5599
655 #7 - INDEXAČNÝ TERMÍN – ŽÁNER/FORMA
Údaje o žánri/forme alebo termín, ktorý je prvok fazety populárno-náučné publikácie
Zdroj termínu SNKPH
-- 1486
655 #7 - INDEXAČNÝ TERMÍN – ŽÁNER/FORMA
Údaje o žánri/forme alebo termín, ktorý je prvok fazety Popular works
Zdroj termínu SNKPHeng
-- 1487
700 1# - PRIDANÝ VSTUP – OSOBNÉ MENO
Osobné meno Keightley, Matt
Kód roly aut
-- 5600
700 1# - PRIDANÝ VSTUP – OSOBNÉ MENO
Osobné meno Gatti, Anne
Kód roly aut
-- 5601
700 1# - PRIDANÝ VSTUP – OSOBNÉ MENO
Osobné meno Allaway, Zia
Kód roly aut
-- 5602
700 1# - PRIDANÝ VSTUP – OSOBNÉ MENO
Osobné meno Hagan, Keit
Kód roly ill
-- 5603
700 1# - PRIDANÝ VSTUP – OSOBNÉ MENO
Osobné meno Powling, Nicola
Kód roly ill
-- 5604
700 1# - PRIDANÝ VSTUP – OSOBNÉ MENO
Osobné meno Bukovenová, Katarína
Kód roly trl
-- 5605
958 ## - Formálny deskriptor
Formálny deskriptor OP
958 ## - Formálny deskriptor
Formálny deskriptor NB
Holdings
Stav stiahnutia (Blokovanie) (Withrawn status) Stav straty Zdroj klasifikácie pre skladovanie Stav poškodenia (Damaged status) Nie pre výpožičky (Not for loan) Spôsob nadobudnutia (Collection code) Trvalé umiestnenie Aktuálne umiestnenie Dátum nadobudnutia Náklady, bežná kúpna cena Inventárne číslo (prírastkové číslo) Celkom výpožičky Full call number Čiarový kód Vypožičaných Dátum posledného výskytu Dátum poslednej výpôžičky Cena s účinnosťou od Typ jednotky Koha
          Kúpa Mestská knižnica Giraltovce Mestská knižnica Giraltovce 2026-05-07 3.90 22578 1 I1935 I1935 2026-07-11 2026-06-11 2026-06-11 2026-05-07 Krásna literatúra pre dospelých

Powered by Koha